[Event "WchT Blitz Final"]
[Site "London"]
[Date "2025.06.15"]
[Round "4.1"]
[White "Nakamura, Hikaru"]
[Black "Rapport, Richard"]
[Result "1-0"]
[WhiteElo "2804"]
[BlackElo "2714"]
[PlyCount "87"]
[EventDate "2025.06.15"]
[EventType "team-k.o. (blitz)"]
[EventRounds "4"]
[EventCountry "ENG"]
[SourceTitle "CB25_2025"]
[SourceDate "2025.06.18"]
[SourceVersion "1"]
[SourceVersionDate "2025.06.18"]
[SourceQuality "1"]
[WhiteTeam "WR Chess"]
[BlackTeam "KazChess"]
[WhiteTeamCountry "GER"]
[BlackTeamCountry "KAZ"]

1. Nf3 Nf6 2. g3 g6 3. Bg2 Bg7 4. d4 0-0 5. 0-0 d6 6. b3 b5 7. c4 bxc4 8. Nfd2 c6 9. Nxc4 a5 10. Bb2 Be6 11. Nbd2 Ra6 12. Rc1 Nbd7 13. Qc2 c5 14. Rfd1 Qb8 15. Qd3 cxd4 16. Bxd4 Nc5 17. Qc3 Rc8 18. Qa1 Bg4 19. Re1 Bd7 20. Bf1 Ne8 21. Bxg7 Nxg7 22. e4 Ra7 23. e5 d5 24. Ne3 Be6 25. Nf3 Nf5 26. Nxf5 Bxf5 27. Nd4 Bd7 28. Rc3 Rac7 29. Bg2 e6 30. Rd1 Qb6 31. h4 a4 32. h5 axb3 33. axb3 Ne4 34. Rxc7 Qxc7 35. Bxe4 dxe4 36. Ne2 Rb8 37. h6 Bb5 38. Nf4 Qe7 39. Qc1 Qg5 40. Nd5 Qxe5 41. Ne7+ Kh8 42. Nc8 Bd3 43. Qc6 Qb5 44. Qc7 1-0

[Event "WchT Blitz Final"]
[Site "London"]
[Date "2025.06.15"]
[Round "1.2"]
[White "Sapenov, Daniyal"]
[Black "Rapport, Richard"]
[Result "1-0"]
[WhiteElo "2405"]
[BlackElo "2714"]
[PlyCount "79"]
[EventDate "2025.06.15"]
[EventType "team-k.o. (blitz)"]
[EventRounds "4"]
[EventCountry "ENG"]
[SourceTitle "CB25_2025"]
[SourceDate "2025.06.18"]
[SourceVersion "1"]
[SourceVersionDate "2025.06.18"]
[SourceQuality "1"]
[WhiteTeam "Rookies"]
[BlackTeam "KazChess"]
[WhiteTeamCountry "KAZ"]
[BlackTeamCountry "KAZ"]

1. e4 Nf6 2. e5 Nd5 3. Nf3 d6 4. d4 dxe5 5. Nxe5 c6 6. c3 Nd7 7. Nf3 N7f6 8. Bd3 Bg4 9. h3 Bh5 10. 0-0 e6 11. Re1 Bd6 12. Nbd2 b5 13. Ne4 Nxe4 14. Bxe4 0-0 15. Qd3 Bg6 16. Bxg6 hxg6 17. Bg5 Qc7 18. Rac1 Rab8 19. b3 Ba3 20. Rcd1 Qa5 21. Bd2 Qa6 22. Ne5 Rbd8 23. Qf3 Bd6 24. c4 Ne7 25. Qc3 Nf5 26. Bf4 bxc4 27. bxc4 Bc7 28. Nxg6 Ba5 29. Qa3 fxg6 30. Bc7 Qxc4 31. Qxa5 Rxd4 32. Qxa7 Rxd1 33. Rxd1 Rf7 34. Qb8+ Kh7 35. Be5 Qxa2 36. Rd8 g5 37. Rh8+ Kg6 38. Qg8 Nh6 39. Qh7+ Kh5 40. g4+ 1-0

[Event "WchT Blitz Pool D"]
[Site "London"]
[Date "2025.06.14"]
[Round "1.2"]
[White "Rapport, Richard"]
[Black "Amilal, Munkhdalai"]
[Result "1-0"]
[WhiteElo "2714"]
[BlackElo "2385"]
[PlyCount "99"]
[EventDate "2025.06.14"]
[EventType "team-tourn"]
[EventRounds "13"]
[EventCountry "ENG"]
[SourceTitle "CB25_2025"]
[SourceDate "2025.06.18"]
[SourceVersion "1"]
[SourceVersionDate "2025.06.18"]
[SourceQuality "1"]
[WhiteTeam "KazChess"]
[BlackTeam "Mongolia"]
[WhiteTeamCountry "KAZ"]
[BlackTeamCountry "MGL"]

1. e4 c5 2. Nf3 d6 3. c3 Nf6 4. Be2 e6 5. 0-0 Be7 6. Re1 0-0 7. Bf1 Nbd7 8. d4 Qc7 9. h3 a6 10. a4 b6 11. d5 e5 12. c4 a5 13. Nc3 Ne8 14. Ra3 g6 15. Nh2 Qd8 16. Qd2 Ng7 17. Ng4 Kh8 18. Nh6 Nf6 19. Nb5 Ng8 20. Nxg8 Kxg8 21. f4 f6 22. Be2 Bd7 23. Rg3 Bxb5 24. axb5 f5 25. Rf1 fxe4 26. fxe5 Rxf1+ 27. Bxf1 dxe5 28. Rg4 Nf5 29. Rxe4 Bf6 30. Bd3 Nd6 31. Rg4 Qe7 32. Qe2 Bg7 33. Bg5 Qd7 34. h4 h5 35. Rg3 e4 36. Bb1 Re8 37. Be3 Kh7 38. Bf2 Nf5 39. Rh3 e3 40. Be1 Bd4 41. g4 hxg4 42. Qxg4 e2+ 43. Kh1 Kh8 44. h5 g5 45. Bxf5 Qe7 46. Rf3 Bxb2 47. Be6 Rf8 48. Rxf8+ Qxf8 49. Qxe2 Qf4 50. Qxb2+ 1-0

[Event "WchT Blitz Pool D"]
[Site "London"]
[Date "2025.06.14"]
[Round "5.2"]
[White "Rapport, Richard"]
[Black "Atlas, Valeri"]
[Result "1-0"]
[WhiteElo "2714"]
[BlackElo "2401"]
[PlyCount "63"]
[EventDate "2025.06.14"]
[EventType "team-tourn"]
[EventRounds "13"]
[EventCountry "ENG"]
[SourceTitle "CB25_2025"]
[SourceDate "2025.06.18"]
[SourceVersion "1"]
[SourceVersionDate "2025.06.18"]
[SourceQuality "1"]
[WhiteTeam "KazChess"]
[BlackTeam "Perfect"]
[WhiteTeamCountry "KAZ"]
[BlackTeamCountry "USA"]

1. e4 c5 2. Nf3 e6 3. d3 d6 4. g3 Nf6 5. Bg2 Be7 6. 0-0 0-0 7. a4 Nbd7 8. Nfd2 a6 9. a5 Ra7 10. f4 b5 11. axb6 Nxb6 12. Nc3 Rc7 13. g4 d5 14. g5 Ne8 15. h4 f5 16. Qe2 d4 17. Na4 Nxa4 18. Rxa4 Bd6 19. Nc4 Re7 20. Bd2 Bc7 21. e5 g6 22. h5 Rg7 23. h6 Rgf7 24. b4 Qd7 25. Rfa1 Qb5 26. bxc5 Qxc5 27. Bb4 Qb5 28. Bxf8 Kxf8 29. Qd2 Bd8 30. Qb4+ Be7 31. Qxb5 axb5 32. Ra8 1-0

[Event "WchT Rapid"]
[Site "London"]
[Date "2025.06.12"]
[Round "6.1"]
[White "Van Foreest, Jorden"]
[Black "Rapport, Richard"]
[Result "0-1"]
[WhiteElo "2640"]
[BlackElo "2709"]
[PlyCount "96"]
[EventDate "2025.06.11"]
[EventType "team-swiss"]
[EventRounds "12"]
[EventCountry "ENG"]
[SourceTitle "CB25_2025"]
[SourceDate "2025.06.18"]
[SourceVersion "1"]
[SourceVersionDate "2025.06.18"]
[SourceQuality "1"]
[WhiteTeam "Knight Dance"]
[BlackTeam "KazChess"]
[WhiteTeamCountry "FRA"]
[BlackTeamCountry "KAZ"]

1. e4 c5 2. Nf3 Nc6 3. d4 cxd4 4. Nxd4 Qb6 5. Nb3 e6 6. Nc3 Qc7 7. Qf3 a6 8. Bf4 d6 9. 0-0-0 Nf6 10. Be2 h5 11. Kb1 Ne5 12. Qg3 h4 13. Qe3 Be7 14. f3 b5 15. a3 Rb8 16. g3 Nc4 17. Qd3 Nd7 18. gxh4 Nde5 19. Bxe5 dxe5 20. Rhg1 Bb7 21. Na2 g6 22. Qc3 Rc8 23. Bxc4 bxc4 24. Na5 Ba8 25. Rg2 Bxh4 26. Rgd2 0-0 27. Rd7 Qc5 28. Qb4 Qf2 29. Qc3 Qxh2 30. Nb4 Bf2 31. Nxc4 a5 32. Nd3 Bd4 33. Rxd4 exd4 34. Qxd4 Rfd8 35. Qf6 a4 36. Rc1 Qh8 37. Qg5 Qh5 38. Qf6 Qh8 39. Qg5 Qh5 40. Qe7 Re8 41. Qb4 Qxf3 42. Nd6 Rb8 43. Qd4 Red8 44. Ne5 Qxe4 45. Qf2 Rxb2+ 46. Ka1 Qxe5 47. Qxf7+ Kh8 48. Nc4 Qc3 0-1

[Event "Sigeman & Co 30th"]
[Site "Malmo"]
[Date "2025.05.23"]
[Round "4"]
[White "Erdogmus, Yagiz Kaan"]
[Black "Rapport, Richard"]
[Result "1-0"]
[WhiteElo "2618"]
[BlackElo "2722"]
[PlyCount "91"]
[EventDate "2025.05.20"]
[EventType "tourn"]
[EventRounds "7"]
[EventCountry "SWE"]
[EventCategory "16"]
[SourceTitle "CB22_2025"]
[SourceDate "2025.05.28"]
[SourceVersion "1"]
[SourceVersionDate "2025.05.28"]
[SourceQuality "1"]

1. e4 c5 2. Nf3 Nc6 3. Bb5 g6 4. 0-0 Bg7 5. d3 d6 6. Bxc6+ bxc6 7. e5 Bg4 8. exd6 exd6 9. h3 Bxf3 10. Qxf3 Ne7 11. Nc3 h6 12. Bf4 0-0 13. Ne4 Nf5 14. c3 Rb8 15. Rab1 Rb5 16. Qd1 d5 17. a4 Ra5 18. Nd2 Ra6 19. Re1 h5 20. Bh2 Re8 21. Rxe8+ Qxe8 22. Nb3 Bf8 23. a5 c4 24. dxc4 dxc4 25. Qf1 Qe6 26. Re1 Qd5 27. Re8 c5 28. Re5 Qd3 29. Nxc5 Qxf1+ 30. Kxf1 Rxa5 31. Nd7 Rxe5 32. Bxe5 h4 33. Nf6+ Kg7 34. Ne4+ f6 35. Bxf6+ Kf7 36. Bg5 Ke6 37. Nd2 Kd5 38. Nf3 Kc5 39. Ke2 Kb5 40. Kd1 Bc5 41. Nxh4 Bxf2 42. Nxf5 gxf5 43. h4 Kc6 44. h5 Bg3 45. h6 Be5 46. Be3 1-0

[Event "Sigeman & Co 30th"]
[Site "Malmo"]
[Date "2025.05.22"]
[Round "3"]
[White "Rapport, Richard"]
[Black "Tan, Zhongyi"]
[Result "0-1"]
[WhiteElo "2722"]
[BlackElo "2536"]
[PlyCount "116"]
[EventDate "2025.05.20"]
[EventType "tourn"]
[EventRounds "7"]
[EventCountry "SWE"]
[EventCategory "16"]
[SourceTitle "CB22_2025"]
[SourceDate "2025.05.28"]
[SourceVersion "1"]
[SourceVersionDate "2025.05.28"]
[SourceQuality "1"]

1. e4 e5 2. Nf3 Nc6 3. Bb5 a6 4. Ba4 Nf6 5. d3 b5 6. Bb3 d6 7. a4 Bd7 8. Nc3 Na5 9. Ba2 Be7 10. b4 Nc6 11. Nd5 Nd4 12. Nxd4 exd4 13. Bb2 Nxd5 14. Bxd5 c6 15. Bb3 Bf6 16. Ra2 0-0 17. 0-0 Be6 18. Bxe6 fxe6 19. Qg4 Qc8 20. axb5 cxb5 21. Bc1 e5 22. h3 Qxg4 23. hxg4 h6 24. g3 Rfc8 25. f4 Rc6 26. Rf2 Bd8 27. Kg2 Rac8 28. Kf3 Kf7 29. g5 hxg5 30. f5 Be7 31. Kg4 Rh8 32. Bxg5 Bf6 33. Ra1 Rh7 34. Rc1 Rh8 35. Bd2 Rhc8 36. Be1 Be7 37. Rh2 Bf6 38. Rg2 Be7 39. Re2 Bf6 40. Kf3 Bg5 41. Bd2 Be7 42. Be1 Bg5 43. Bd2 Be7 44. Ra1 Rxc2 45. Rxa6 Rb2 46. Ra7 Rcc2 47. Bg5 Rxe2 48. Bxe7 Ra2 49. Rb7 d5 50. exd5 e4+ 51. dxe4 Rf2+ 52. Kg4 d3 53. Bg5+ Kg8 54. d6 d2 55. Bxd2 Raxd2 56. e5 Rd4+ 57. Kh3 Rxf5 58. d7 Kf8 0-1

[Event "Moscow Aeroflot op-A"]
[Site "Moscow"]
[Date "2025.03.06"]
[Round "9"]
[White "Niemann, Hans Moke"]
[Black "Rapport, Richard"]
[Result "1/2-1/2"]
[WhiteElo "2734"]
[BlackElo "2713"]
[PlyCount "136"]
[EventDate "2025.03.01"]
[EventType "swiss"]
[EventRounds "9"]
[EventCountry "RUS"]
[SourceTitle "CB11_2025"]
[SourceDate "2025.03.12"]
[SourceVersion "1"]
[SourceVersionDate "2025.03.12"]
[SourceQuality "1"]

1. e4 c5 2. Nf3 Nc6 3. Bb5 d6 4. 0-0 Bd7 5. Re1 a6 6. Bxc6 Bxc6 7. d4 cxd4 8. Nxd4 Rc8 9. c4 Nf6 10. Nc3 e6 11. b3 Be7 12. Bb2 0-0 13. Qd2 Re8 14. Rad1 Qa5 15. f4 Qh5 16. h3 Qh6 17. Ba3 Bd7 18. Nf3 Bc6 19. Qe3 Nh5 20. Bxd6 Bxd6 21. Rxd6 Qxf4 22. Qxf4 Nxf4 23. Ne5 Ng6 24. Nxc6 Rxc6 25. Rxc6 bxc6 26. Rd1 Ne5 27. Na4 Kf8 28. Nc5 Ke7 29. Kf2 a5 30. Ke3 g5 31. Rd2 Rb8 32. Kd4 f6 33. Kc3 h5 34. a3 Ra8 35. Rd1 h4 36. Rd2 Ra7 37. Rd1 Ra8 38. b4 axb4+ 39. Kxb4 Rb8+ 40. Kc3 Ra8 41. a4 f5 42. exf5 exf5 43. Kb4 Rb8+ 44. Kc3 Ra8 45. Ra1 g4 46. a5 Kd6 47. Re1 gxh3 48. gxh3 f4 49. Nb7+ Kc7 50. Rxe5 Kxb7 51. Rf5 Rg8 52. Kb4 Rg3 53. Rxf4 Rxh3 54. Rf7+ Ka6 55. Rc7 Rh1 56. Rxc6+ Ka7 57. Rc7+ Ka6 58. Rh7 h3 59. Kc5 Rh2 60. Rh8 Kb7 61. Rh4 Ka7 62. Rh8 Kb7 63. a6+ Ka7 64. Rh4 Kxa6 65. Kc6 Rg2 66. Rxh3 Rg6+ 67. Kc7 Rg7+ 68. Kd6 Rg6+ 1/2-1/2

[Event "Moscow Aeroflot op-A"]
[Site "Moscow"]
[Date "2025.03.03"]
[Round "5"]
[White "Drygalov, Sergey"]
[Black "Rapport, Richard"]
[Result "0-1"]
[WhiteElo "2551"]
[BlackElo "2713"]
[PlyCount "84"]
[EventDate "2025.03.01"]
[EventType "swiss"]
[EventRounds "9"]
[EventCountry "RUS"]
[SourceTitle "CB11_2025"]
[SourceDate "2025.03.12"]
[SourceVersion "1"]
[SourceVersionDate "2025.03.12"]
[SourceQuality "1"]

1. d4 Nf6 2. c4 g6 3. Nc3 Bg7 4. e4 d6 5. Nf3 0-0 6. Be2 e5 7. 0-0 Na6 8. Be3 c6 9. d5 Ng4 10. Bg5 f6 11. Bd2 f5 12. exf5 gxf5 13. Bg5 Nf6 14. dxc6 bxc6 15. Rb1 Nc5 16. b4 Ne6 17. Bh4 Qd7 18. a4 a5 19. b5 Bb7 20. bxc6 Bxc6 21. Nb5 Ne4 22. Qc2 Bf6 23. Rfe1 Qg7 24. Bf1 N4c5 25. Qc3 e4 26. Bxf6 Qxf6 27. Nfd4 Nxd4 28. Nxd4 Bxa4 29. Rb6 f4 30. Qd2 Rae8 31. Rbb1 Qe5 32. Nb5 Bxb5 33. cxb5 e3 34. fxe3 fxe3 35. Bc4+ Kh8 36. Qb2 d5 37. Bf1 Qxb2 38. Rxb2 d4 39. Rc2 d3 40. Rxc5 d2 41. Rd1 Rxf1+ 42. Rxf1 e2 0-1

[Event "Rostov on Don Blitz m"]
[Site "Rostov on Don"]
[Date "2025.02.22"]
[Round "16"]
[White "Esipenko, Andrey"]
[Black "Rapport, Richard"]
[Result "1-0"]
[WhiteElo "2695"]
[BlackElo "2718"]
[PlyCount "79"]
[EventDate "2025.02.21"]
[EventType "match (blitz)"]
[EventRounds "20"]
[EventCountry "RUS"]
[SourceTitle "CB09_2025"]
[SourceDate "2025.02.27"]
[SourceVersion "1"]
[SourceVersionDate "2025.02.27"]
[SourceQuality "1"]

1. d4 d6 2. e4 g6 3. Nf3 Bg7 4. Be3 Nd7 5. c4 e5 6. Nc3 Ngf6 7. h3 exd4 8. Nxd4 0-0 9. g4 Nc5 10. Bg2 Re8 11. Qc2 c6 12. 0-0 a5 13. Rad1 a4 14. b4 axb3 15. axb3 Qe7 16. f3 h5 17. g5 Nfd7 18. f4 Ra3 19. f5 Be5 20. Qc1 Rxb3 21. Nxb3 Nxb3 22. Qc2 Ndc5 23. h4 Na5 24. Ne2 b5 25. cxb5 cxb5 26. Nf4 Nc4 27. Nd5 Qa7 28. Bf2 Rf8 29. Rb1 Bb7 30. Rfd1 Bxd5 31. Rxd5 Na3 32. Qa2 Qa4 33. Rf1 Rc8 34. fxg6 Nc4 35. gxf7+ Kf8 36. Qe2 Bg7 37. Qxh5 Qb3 38. Qg4 Rc7 39. Bxc5 Rxc5 40. Qe6 1-0

[Event "Rostov on Don Blitz m"]
[Site "Rostov on Don"]
[Date "2025.02.21"]
[Round "2"]
[White "Esipenko, Andrey"]
[Black "Rapport, Richard"]
[Result "1/2-1/2"]
[WhiteElo "2695"]
[BlackElo "2718"]
[PlyCount "124"]
[EventDate "2025.02.21"]
[EventType "match (blitz)"]
[EventRounds "20"]
[EventCountry "RUS"]
[SourceTitle "CB09_2025"]
[SourceDate "2025.02.27"]
[SourceVersion "1"]
[SourceVersionDate "2025.02.27"]
[SourceQuality "1"]

1. d4 d6 2. Nf3 Nf6 3. c4 g6 4. g3 Bg7 5. Bg2 0-0 6. 0-0 Nbd7 7. Nc3 e5 8. Qc2 h6 9. h3 Re8 10. e4 Nh7 11. Rd1 Ng5 12. Nxg5 hxg5 13. d5 a5 14. a3 Bf6 15. Rb1 Kg7 16. b4 b6 17. Be3 Be7 18. Na4 Rh8 19. g4 Ba6 20. bxa5 bxa5 21. c5 Nxc5 22. Nxc5 dxc5 23. Bxc5 Bd6 24. a4 Bc8 25. Rdc1 Bd7 26. Be3 Qe7 27. Rb7 Rhb8 28. Qb1 Qd8 29. Ba7 Rxb7 30. Qxb7 Bxa4 31. Ra1 Bd7 32. Rxa5 Qf8 33. Qb2 Qe7 34. Qa1 Bb4 35. Ra2 Bc5 36. Bxc5 Rxa2 37. Qxa2 Qxc5 38. Qb2 Kf6 39. Qb8 Ke7 40. Qh8 Qc1+ 41. Kh2 Qf4+ 42. Kg1 Qf6 43. Qb8 Qb6 44. Qh8 Qf6 45. Qb8 Qd6 46. Qb2 f5 47. gxf5 gxf5 48. exf5 Bxf5 49. Qd2 Kf6 50. h4 gxh4 51. Qh6+ Kf7 52. Qxh4 Qg6 53. Kh2 Qh7 54. Qxh7+ Bxh7 55. Kg3 Ke7 56. f4 e4 57. f5 Bxf5 58. Kf4 Kd6 59. Kxf5 e3 60. Bf3 c6 61. dxc6 e2 62. Bxe2 Kxc6 1/2-1/2

[Event "Rostov on Don Blitz m"]
[Site "Rostov on Don"]
[Date "2025.02.21"]
[Round "8"]
[White "Esipenko, Andrey"]
[Black "Rapport, Richard"]
[Result "1-0"]
[WhiteElo "2695"]
[BlackElo "2718"]
[PlyCount "107"]
[EventDate "2025.02.21"]
[EventType "match (blitz)"]
[EventRounds "20"]
[EventCountry "RUS"]
[SourceTitle "CB09_2025"]
[SourceDate "2025.02.27"]
[SourceVersion "1"]
[SourceVersionDate "2025.02.27"]
[SourceQuality "1"]

1. d4 e6 2. Nf3 c5 3. e3 Nf6 4. Bd3 b6 5. b3 Bb7 6. Bb2 g6 7. Nbd2 Bg7 8. Nc4 0-0 9. 0-0 Qe7 10. a4 d6 11. Re1 Nbd7 12. Qe2 a6 13. Rad1 Rfd8 14. h3 cxd4 15. exd4 Nd5 16. Qd2 N7f6 17. Na3 Qf8 18. c4 Bh6 19. Ng5 Ne7 20. f4 d5 21. c5 a5 22. Nb5 bxc5 23. dxc5 Nd7 24. Nd6 Bxg5 25. fxg5 Ba6 26. Qc3 e5 27. Bxa6 Rxa6 28. Rf1 d4 29. Qc4 Rxd6 30. cxd6 Nf5 31. Qc7 Ne3 32. Qxa5 Rb8 33. Qc7 Qe8 34. Rd3 Nxf1 35. Kxf1 Qe6 36. Rf3 e4 37. Rf6 Qxb3 38. Qxd7 Qd1+ 39. Kf2 Rxb2+ 40. Kg3 Qb3+ 41. Kh2 Qa2 42. Qe8+ Kg7 43. Qxe4 Re2 44. Qf3 Re3 45. Qf4 Re2 46. Qf3 Re3 47. Qc6 Re6 48. Qc5 Re2 49. Qc6 Re6 50. Rxe6 Qxe6 51. Qc5 Qe4 52. d7 Qf4+ 53. Kg1 Qe3+ 54. Kh1 1-0

[Event "Rostov on Don Blitz m"]
[Site "Rostov on Don"]
[Date "2025.02.21"]
[Round "10"]
[White "Esipenko, Andrey"]
[Black "Rapport, Richard"]
[Result "0-1"]
[WhiteElo "2695"]
[BlackElo "2718"]
[PlyCount "106"]
[EventDate "2025.02.21"]
[EventType "match (blitz)"]
[EventRounds "20"]
[EventCountry "RUS"]
[SourceTitle "CB09_2025"]
[SourceDate "2025.02.27"]
[SourceVersion "1"]
[SourceVersionDate "2025.02.27"]
[SourceQuality "1"]

1. d4 e6 2. e4 d5 3. Nd2 Nc6 4. Ngf3 Nf6 5. e5 Nd7 6. Be2 Be7 7. 0-0 0-0 8. Re1 f6 9. exf6 Bxf6 10. Nf1 e5 11. dxe5 Ndxe5 12. Nxe5 Nxe5 13. Ng3 c6 14. c3 Ng6 15. Bd3 Ne5 16. Bc2 Bg4 17. f3 Bd7 18. Nh5 Nc4 19. Nxf6+ Qxf6 20. Qd4 Qxd4+ 21. cxd4 Bf5 22. Bxf5 Rxf5 23. b3 Nd6 24. a4 Rf7 25. Ba3 Nf5 26. Rad1 h5 27. Kf2 a5 28. Bc5 Kh7 29. Re6 g6 30. Rde1 Kg7 31. Re8 Rxe8 32. Rxe8 b6 33. Bxb6 Rb7 34. Bxa5 Rxb3 35. Bd2 Kf7 36. Rc8 Nxd4 37. Be3 Rb2+ 38. Kf1 Nf5 39. Bc5 d4 40. Rxc6 Ne3+ 41. Ke1 Nxg2+ 42. Kd1 Ne3+ 43. Ke1 Rc2 44. Rc7+ Ke6 45. Bb6 Rb2 46. a5 Ra2 47. h3 Ke5 48. Rf7 Nd5 49. Rf8 d3 50. Re8+ Kf4 51. Rf8+ Kg3 52. Rd8 d2+ 53. Kf1 d1R# 0-1

[Event "Rostov on Don Blitz m"]
[Site "Rostov on Don"]
[Date "2025.02.21"]
[Round "9"]
[White "Rapport, Richard"]
[Black "Esipenko, Andrey"]
[Result "0-1"]
[WhiteElo "2718"]
[BlackElo "2695"]
[PlyCount "94"]
[EventDate "2025.02.21"]
[EventType "match (blitz)"]
[EventRounds "20"]
[EventCountry "RUS"]
[SourceTitle "CB09_2025"]
[SourceDate "2025.02.27"]
[SourceVersion "1"]
[SourceVersionDate "2025.02.27"]
[SourceQuality "1"]

1. c4 Nf6 2. Nc3 c5 3. g3 e6 4. Nf3 d5 5. cxd5 exd5 6. d4 Nc6 7. a3 cxd4 8. Nxd4 Bc5 9. Be3 Bb6 10. Na4 Bxd4 11. Bxd4 0-0 12. Bg2 Re8 13. Nc3 Ne4 14. Rc1 Bg4 15. f3 Nxc3 16. Rxc3 Bf5 17. Kf2 h6 18. Re1 Qd7 19. e3 Re6 20. g4 Bg6 21. h3 Rae8 22. Qd2 a6 23. b4 h5 24. Rc5 Qd8 25. Ba1 d4 26. e4 hxg4 27. hxg4 Rd6 28. Rh1 f6 29. Qf4 Ne5 30. Bf1 Qd7 31. Qh2 b6 32. Rxe5 fxe5 33. Bc4+ Kf8 34. Qh4 Qa4 35. Qh8+ Ke7 36. Qxg7+ Kd8 37. Rc1 Qxa3 38. Qh6 Rc6 39. Qg5+ Kd7 40. b5 Rxc4 41. Rxc4 Qa2+ 42. Kg3 Qxc4 43. Qxg6 Qxb5 44. g5 Qf1 45. Qf7+ Re7 46. Qd5+ Kc7 47. Bb2 Qg1+ 0-1

[Event "Rostov on Don m"]
[Site "Rostov on Don"]
[Date "2025.02.18"]
[Round "5"]
[White "Esipenko, Andrey"]
[Black "Rapport, Richard"]
[Result "1/2-1/2"]
[WhiteElo "2695"]
[BlackElo "2718"]
[PlyCount "65"]
[EventDate "2025.02.13"]
[EventType "match"]
[EventRounds "6"]
[EventCountry "RUS"]
[SourceTitle "CB09_2025"]
[SourceDate "2025.02.27"]
[SourceVersion "1"]
[SourceVersionDate "2025.02.27"]
[SourceQuality "1"]

1. d4 Nf6 2. c4 b6 3. Nc3 Bb7 4. Qc2 d5 5. cxd5 Nxd5 6. e4 Nxc3 7. bxc3 e5 8. Nf3 exd4 9. Bb5+ Nd7 10. Ne5 c6 11. Nxc6 Bxc6 12. Bxc6 Rc8 13. cxd4 Bb4+ 14. Ke2 Qc7 15. d5 0-0 16. Rb1 Bd6 17. Bb2 Nb8 18. Qc3 f6 19. Rhc1 Nxc6 20. Qxc6 Qe7 21. Qa4 f5 22. e5 Rxc1 23. Rxc1 Bxe5 24. Bxe5 Qxe5+ 25. Kf1 Qxd5 26. Qxa7 h6 27. Qxb6 Qxa2 28. Qb1 Qxb1 29. Rxb1 Kh7 30. Ra1 Kg8 31. Rb1 Kh7 32. Ra1 Kg8 33. Rb1 1/2-1/2

[Event "Bundesliga 2425"]
[Site "Germany"]
[Date "2025.01.12"]
[Round "6.5"]
[White "Rapport, Richard"]
[Black "Zilka, Stepan"]
[Result "1/2-1/2"]
[WhiteElo "2715"]
[BlackElo "2574"]
[PlyCount "133"]
[EventDate "2024.09.28"]
[EventType "team-tourn"]
[EventRounds "15"]
[EventCountry "GER"]
[SourceTitle "CB06_2025"]
[SourceDate "2025.02.05"]
[SourceVersion "1"]
[SourceVersionDate "2025.02.05"]
[SourceQuality "1"]
[WhiteTeam "Baden-Baden"]
[BlackTeam "Heimbach Weis Neuwied"]
[WhiteTeamCountry "GER"]
[BlackTeamCountry "GER"]

1. e4 e5 2. Nf3 Nc6 3. Bc4 Bc5 4. c3 Nf6 5. d3 a6 6. Nbd2 Ba7 7. 0-0 0-0 8. Re1 d6 9. Nf1 Na5 10. Bb3 Nxb3 11. axb3 h6 12. Ng3 Re8 13. h3 Nh7 14. d4 Ng5 15. Nxg5 hxg5 16. Be3 f6 17. b4 Be6 18. Qd3 Bb6 19. Rad1 Qe7 20. dxe5 dxe5 21. Bxb6 cxb6 22. Qd6 Qxd6 23. Rxd6 b5 24. Red1 Kf7 25. Nf1 Rac8 26. Ne3 Rc6 27. R6d3 Ke7 28. Kh2 Rcc8 29. Kg3 Rh8 30. Rd6 Rc6 31. Rxc6 bxc6 32. Ra1 Ra8 33. h4 gxh4+ 34. Kxh4 g6 35. Kg3 f5 36. exf5 gxf5 37. f4 Kf6 38. Rh1 Rg8+ 39. Kf3 e4+ 40. Ke2 Ke7 41. Kf2 Rd8 42. Rh7+ Kf6 43. Rh6+ Ke7 44. Rh7+ Kf6 45. Ke2 Bf7 46. Rh6+ Bg6 47. g4 Kg7 48. Rh4 fxg4 49. f5 Bf7 50. Rxg4+ Kf6 51. Rxe4 Bh5+ 52. Ke1 Kg5 53. Re6 Bf3 54. f6 Rf8 55. Kf2 Bh1 56. Re5+ Kxf6 57. Ng4+ Kg6+ 58. Ke3 Rf3+ 59. Ke2 Rg3 60. Ne3 Kf6 61. Re8 Kf7 62. Ra8 Be4 63. Rxa6 Rh3 64. Kf2 Rf3+ 65. Ke2 Rh3 66. Kf2 Rf3+ 67. Ke2 1/2-1/2

[Event "London TechM GCL"]
[Site "London"]
[Date "2024.10.10"]
[Round "9.3"]
[White "Rapport, Richard"]
[Black "Maghsoodloo, Parham"]
[Result "1-0"]
[WhiteElo "2721"]
[BlackElo "2719"]
[PlyCount "65"]
[EventDate "2024.10.03"]
[EventType "team-tourn (rapid)"]
[EventRounds "10"]
[EventCountry "ENG"]
[SourceTitle "CB42_2024"]
[Source "ChessBase"]
[SourceDate "2024.10.16"]
[SourceVersion "1"]
[SourceVersionDate "2024.10.16"]
[SourceQuality "1"]
[WhiteTeam "Alpine Sg Pipers"]
[BlackTeam "Ganges Grandmasters"]
[WhiteTeamCountry "SIN"]
[BlackTeamCountry "IND"]

1. e4 c5 2. Nf3 d6 3. Bc4 Nf6 4. d3 a6 5. a4 Nc6 6. 0-0 h6 7. Nc3 Bg4 8. h3 Bh5 9. Nd5 e6 10. Nf4 Bxf3 11. Qxf3 h5 12. Ne2 Ne5 13. Qe3 g5 14. Bb3 Bh6 15. f4 gxf4 16. Nxf4 h4 17. Qf2 Nfd7 18. Bxe6 fxe6 19. Nxe6 Qb6 20. a5 Qc6 21. c3 Rc8 22. d4 cxd4 23. cxd4 Qc4 24. Qf5 Nf8 25. Qh5+ Neg6 26. Rxf8+ Bxf8 27. Qxg6+ Kd7 28. d5 Be7 29. Qf5 Ke8 30. Bg5 Bxg5 31. Qxg5 Qxe4 32. Rf1 Rc2 33. Qd8# 1-0

[Event "London TechM GCL"]
[Site "London"]
[Date "2024.10.07"]
[Round "6.2"]
[White "Rapport, Richard"]
[Black "Mamedyarov, Shakhriyar"]
[Result "1/2-1/2"]
[WhiteElo "2721"]
[BlackElo "2733"]
[PlyCount "70"]
[EventDate "2024.10.03"]
[EventType "team-tourn (rapid)"]
[EventRounds "10"]
[EventCountry "ENG"]
[SourceTitle "CB42_2024"]
[Source "ChessBase"]
[SourceDate "2024.10.16"]
[SourceVersion "1"]
[SourceVersionDate "2024.10.16"]
[SourceQuality "1"]
[WhiteTeam "Alpine Sg Pipers"]
[BlackTeam "PBG Alaskan Knights"]
[WhiteTeamCountry "SIN"]
[BlackTeamCountry "USA"]

1. e4 e5 2. Nf3 Nc6 3. Bb5 Nf6 4. d4 Nxd4 5. Nxd4 c6 6. Bc4 exd4 7. Qxd4 Qb6 8. Qe5+ Be7 9. 0-0 d6 10. Qg3 0-0 11. Nc3 Be6 12. Bxe6 fxe6 13. e5 dxe5 14. Qxe5 Rae8 15. Qxe6+ Kh8 16. Qb3 Qc5 17. Be3 Qe5 18. Ne2 Ng4 19. Ng3 Nxe3 20. Qxe3 Qxb2 21. Qxa7 Qxc2 22. Qxb7 Bc5 23. Nh1 Re2 24. h3 Bd4 25. Rac1 Qxa2 26. Qxc6 Bxf2+ 27. Kh2 h6 28. Rxf2 Rexf2 29. Nxf2 Qxf2 30. Qd6 Qf4+ 31. Qxf4 Rxf4 32. Rc2 Kh7 33. Rc1 Kh8 34. Rc2 Kh7 35. Rc1 Kh8 1/2-1/2

[Event "London TechM GCL"]
[Site "London"]
[Date "2024.10.06"]
[Round "5.1"]
[White "Mamedyarov, Shakhriyar"]
[Black "Rapport, Richard"]
[Result "1/2-1/2"]
[WhiteElo "2733"]
[BlackElo "2721"]
[PlyCount "65"]
[EventDate "2024.10.03"]
[EventType "team-tourn (rapid)"]
[EventRounds "10"]
[EventCountry "ENG"]
[SourceTitle "CB42_2024"]
[Source "ChessBase"]
[SourceDate "2024.10.16"]
[SourceVersion "1"]
[SourceVersionDate "2024.10.16"]
[SourceQuality "1"]
[WhiteTeam "PBG Alaskan Knights"]
[BlackTeam "Alpine Sg Pipers"]
[WhiteTeamCountry "USA"]
[BlackTeamCountry "SIN"]

1. Nf3 d5 2. g3 g6 3. Bg2 Bg7 4. d4 Nf6 5. 0-0 0-0 6. c4 c6 7. Qb3 Qb6 8. Nc3 Rd8 9. Bd2 Bf5 10. Na4 Qxb3 11. axb3 Nbd7 12. Rfc1 Ne4 13. Ba5 b6 14. Be1 c5 15. e3 cxd4 16. Nxd4 Ndc5 17. Nxf5 gxf5 18. Bxe4 Nxe4 19. cxd5 Nf6 20. Nc3 Nxd5 21. Rd1 Nxc3 22. Bxc3 a5 23. Rxd8+ Rxd8 24. b4 axb4 25. Bxb4 Bxb2 26. Ra6 Bf6 27. Rxb6 Rd1+ 28. Kg2 Rb1 29. Rb8+ Kg7 30. Rb6 Kg8 31. Rb8+ Kg7 32. Rb6 Kg8 33. Rb8+ 1/2-1/2